Central Library OPAC University of Rajshahi

St. John Damascene : (Record no. 27744)

MARC details
000 -LEADER
fixed length control field 00948nam a2200253 a 4500
001 - CONTROL NUMBER
control field 27744
003 - CONTROL NUMBER IDENTIFIER
rucl marc code BD-RjUL
005 - DATE AND TIME OF LATEST TRANSACTION
control field 20211209051209.0
008 - FIXED-LENGTH DATA ELEMENTS--GENERAL INFORMATION
fixed length control field 140327m19531914enk b 001 0 eng d
035 ## - SYSTEM CONTROL NUMBER
System control number (BD-RjUL)27823
040 ## - CATALOGING SOURCE
Original cataloging agency IAF
Transcribing agency IAF
Modifying agency m.c
-- BD-RjUL
Language of cataloging eng
041 1# - LANGUAGE CODE
Language code of text/sound track or separate title enggre
082 ## - DEWEY DECIMAL CLASSIFICATION NUMBER
Classification number 922
Author mark and year STJ 1953
245 10 - TITLE STATEMENT
Title St. John Damascene :
Remainder of title Barlaam and Ioasaph /
Statement of responsibility, etc. with and English translation by G. R. Woodward and H. Mattingly.
260 ## - PUBLICATION, DISTRIBUTION, ETC. (IMPRINT)
Place of publication, distribution, etc. London :, Cambridge, Ma. :
Name of publisher, distributor, etc. W. Heinemann, Harvard University Press,
Date of publication, distribution, etc. 1914 [Reprinted 1953]
300 ## - PHYSICAL DESCRIPTION
Pagination xxxv, 639, [1] p., [1] leaf of plates ;
Size 17 cm.
Illustrations ill . ;
500 ## - GENERAL NOTE
General note Work was formerly attributed to St. John Damascene.
General note Greek and English on opposite pages.
650 #0 - SUBJECT ADDED ENTRY--TOPICAL TERM
Topical term or geographic name as entry element Saints.
9 (RLIN) 85167
700 1# - ADDED ENTRY--PERSONAL NAME
Personal name Mattingly, Harold,
Dates associated with a name 1884-1964.
Personal name Woodward, George Ratcliffe,
Dates associated with a name 1848-1934
830 #0 - SERIES ADDED ENTRY--UNIFORM TITLE
Uniform title Loeb classical library
942 ## - ADDED ENTRY ELEMENTS (KOHA)
Source of classification or shelving scheme Dewey Decimal Classification
Koha item type Books
Holdings
Lost status Source of classification or shelving scheme Damaged status Not for loan Collection code Permanent Location Current Location Shelving location Date acquired Source of acquisition Cost, normal purchase price Total Checkouts Full call number Date last seen Copy number Koha item type
  Dewey Decimal Classification   Added to bundle Non-fiction Central Library, University of Rajshahi Central Library, University of Rajshahi Reading Room 09/03/1955 switch and zethinger 15.00   922 STJ 1953 27/03/2014 C-1 Books